00445nam a2200193Ia 4500003000900000008004100009040001300050040001300063041000800076100002800084245003900112250001200151260002400163260000900187300001100196300001100207490002600218490000700244IT-RoPAU120407s9999 xx 000 0 und d aIT-RoPAU cIT-RoPAU aita aCarlo Liberio Del Zotti aMagia e stregoneria in Sudamerica  aMilano  aSugarco Se edizioni c1974 a278 p. c 21 cm a Universo sconosciuto v55